Dictionnaire de la langue française / (Record no. 157807)

MARC details
000 -LEADER
campo de control de longitud fija 00911nam a22002295i 4500
001 - NÚMERO DE CONTROL
campo de control 157807
003 - IDENTIFICADOR DE NÚMERO DE CONTROL
campo de control ES-MaACL
005 - FECHA Y HORA DE LA ÚLTIMA TRANSACCIÓN
campo de control 20250704063120.0
008 - DATOS DE LONGITUD FIJA--INFORMACIÓN GENERAL
campo de control de longitud fija 931215s1875 fr |||| | fre d
040 ## - FUENTE DE CATALOGACIÓN
Centro catalogador/agencia de origen CAT
Lengua de catalogación spa
Centro/agencia transcriptor CAT
Centro/agencia modificador CCPB
080 ## - NÚMERO DE LA CLASIFICACIÓN DECIMAL UNIVERSAL
Número de la Clasificación Decimal Universal 804.0-3
100 1# - ENTRADA PRINCIPAL--NOMBRE DE PERSONA
Nombre de persona Littré, Émile,
Fechas asociadas al nombre 1801-1881
9 (RLIN) 128979
245 10 - MENCIÓN DEL TÍTULO
Título Dictionnaire de la langue française /
Mención de responsabilidad, etc. par É. Littré.
260 ## - PUBLICACIÓN, DISTRIBUCIÓN, ETC.
Lugar de publicación, distribución, etc. Paris ;
-- Londres :
Nombre del editor, distribuidor, etc. Librairie Hachette et Cie,
Fecha de publicación, distribución, etc. 1875.
300 ## - DESCRIPCIÓN FÍSICA
Extensión 2 t. en 4 v. (LIX, [2080]; 2628 p.) ;
Dimensiones 32 cm.
504 ## - NOTA DE BIBLIOGRAFÍA, ETC.
Nota de bibliografía, etc. Bibliografía p. [2622]-2628.
597 ## - NOTA DE DESCRIPCIÓN FÍSICA
NOTA DE DESCRIPCIÓN FÍSICA Texto a 3 col.
597 ## - NOTA DE DESCRIPCIÓN FÍSICA
NOTA DE DESCRIPCIÓN FÍSICA Descripción completada a partir de la ed. de 1873-1874 y de BNP.
650 #4 - PUNTO DE ACCESO ADICIONAL DE MATERIA--TÉRMINO DE MATERIA
Término de materia o nombre geográfico como elemento de entrada Lengua francesa-
Subdivisión de forma Diccionarios.
9 (RLIN) 14205
852 ## - LOCALIZACIÓN
Ubicación ES-MaACL
Número de control de estantería B-835-38
Nota libre -- Enc. tela
Encuadernación -- Edic.: T.I (LIX, 944) - T.II ([4], [945]-2080 p.) - T.III (1396 p.) - T.IV ([4], [1397]-2628 p.)
Holdings
Estatus retirado Estado de pérdida Estado de daño No para préstamo Colección Biblioteca de origen Biblioteca actual Ubicación en estantería Fecha de adquisición Total de préstamos Signatura topográfica completa Código de barras Visto por última vez Precio de reemplazo Tipo de ítem Koha
        Libros del s. XIX Biblioteca del Ateneo de Madrid Biblioteca del Ateneo de Madrid Sala Pardo Bazán 17/01/2008   B-835-38 1165147 23/02/2023 23/02/2023 Libro impreso antiguo